Shakespeare's political plays

Zapisane w:
Opis bibliograficzny
1. autor: Richmond, H. M.
Format: Książka
Język:Undetermined
Wydane: New York, Estados Unidos Random House 1967
Hasła przedmiotowe:
Etykiety: Dodaj etykietę
Nie ma etykietki, Dołącz pierwszą etykiete!

MARC

LEADER 00000nam a2200000Ia 4500
008 170316s9999 xx 000 0 und d
040 |a cru BVZT 
090 |a C-820 R-3s 
100 |a Richmond, H. M. 
245 |a Shakespeare's political plays 
260 |a New York, Estados Unidos 
260 |b Random House 
260 |c 1967 
300 |a 240 páginas 
650 |a LITERATURA INGLESA 
650 |a CRÍTICA 
999 |c 12920  |d 12920 
942 |c 15 D  |h C-820 R-3s  |2 z